• 首页
  • 本馆介绍
  • 公告通知
  • 最新文献
  • 馆藏检索
  • 电子资源
  • 读者导购
  • 参考咨询
  • 我的图书馆
  • 登录
  • 详细信息显示
  • 放入我的书架
  • 预约/预借图书
  • 作者相关作品
  • 分类相关作品
  • 丛书相关作品
  • 出版社相关作品

书目信息

  • 表格格式
  • 工作单格式
  • 卡片格式
题名:
文艺符号新论
    
 
作者: 巫汉祥 著
分册:  
出版信息: 厦门   厦门大学出版社  2002
页数: 242页
开本: 20cm
丛书名: 鼓浪学术书系
单 册:
中图分类: H030
科图分类:
主题词: 语义学 , 词汇学
电子资源:
ISBN: 7-5615-1943-5
000 00866oam2 2200265 450
001 070022224210
005 20050927104205.23
010    @a7-5615-1943-5@dCNY13.00
100    @a20041201d2002 ekmy0chiy0120 ea
101 0  @achi
102    @aCN@b350000
105    @ay z 000yy
200 1  @a文艺符号新论@9wen yi fu hao xin lun@f巫汉祥著@Fwu han xiang zhu
210    @a厦门@c厦门大学出版社@d2002
215    @a242页@d20cm
225 2  @a鼓浪学术书系@i文艺学新视野丛书
330    @a本书提出了特征图式这个文艺符号学的核心概念,阐述了特征图式发生学形态及其本体特性与功能特性,探讨了由电脑和网络催生的网络媒体文艺作品的符号学特征。
461  0 @12001 @a鼓浪学术书系
462  0 @12001 @a文艺学新视野丛书
606 0  @a语义学
606 0  @a词汇学
690    @aH030@v4
701  0 @a巫汉祥@Awu han xiang@4著
801  0 @aCN@bTSSF@c20050927
905    @a10447@dH030@e48
    
    文艺符号新论/巫汉祥著.-厦门:厦门大学出版社,2002
    242页;20cm.-(鼓浪学术书系.文艺学新视野丛书)
    
    
    ISBN 7-5615-1943-5:CNY13.00
    本书提出了特征图式这个文艺符号学的核心概念,阐述了特征图式发生学形态及其本体特性与功能特性,探讨了由电脑和网络催生的网络媒体文艺作品的符号学特征。
●
相关链接 在E读中查询图书 在五车中查询图书 在当当中查询图书 在豆瓣中查询图书


正题名:文艺符号新论     索取号:H030/48         预约/预借

序号 登录号 条形码 馆藏地/架位号 状态 备注
1 0363310   3633107   第二样本阅览室/ [索取号:H030/48] 在馆    
2 0363311   3633116   第四借阅区/ [索取号:H030/48] 在馆    
3 0363312   3633125   第四借阅区/ [索取号:H030/48] 在馆    
4 0363313   3633134   第四借阅区/ [索取号:H030/48] 在馆    
5 0363314   3633143   第四借阅区/ [索取号:H030/48] 在馆    
唐山师范学院图书馆 欢迎您!
大连网信软件有限公司© 版权所有